[Event "Mechanics' Spring TNM; 30/90, SD/30"]
[Site "San Francisco"]
[Date "2011.04.05"]
[Round "4.12"]
[White "Newey, Richard"]
[Black "Zavadsky, Peter"]
[Result "0-1"]
[WhiteElo "1735"]
[BlackElo "2299"]
[PlyCount "80"]
[EventDate "2011.??.??"]

1. e4 c5 2. Nf3 d6 3. d3 Nc6 4. c3 Bg4 5. Be2 e6 6. O-O Nf6 7. Nbd2 Be7 8. Re1
O-O 9. Nf1 d5 10. Ne3 Bh5 11. exd5 Nxd5 12. Nxd5 Qxd5 13. Qb3 Qd7 14. Bf4 Bf6
15. Kf1 Rad8 16. Red1 Qe7 17. Rac1 Rd7 18. Ne1 Bg6 19. Rd2 Rfd8 20. Qd1 e5 21.
Be3 Bg5 22. Bh5 e4 23. Bxg6 hxg6 24. Bxg5 Qxg5 25. Rcc2 Ne5 26. h4 Qh6 27. b3
exd3 28. Rb2 Qxh4 29. Kg1 Qf6 30. Nf3 Nxf3+ 31. Qxf3 Qxc3 32. Qe3 Qc1+ 33. Kh2
Rd5 34. Qe7 Qc3 35. g3 Qc1 36. Kg2 R8d7 37. Qe8+ Kh7 38. Qc8 Rh5 39. g4 Qh1+
40. Kg3 Rh3+ 0-1

[Event "Mechanics' Spring TNM; 30/90, SD/30"]
[Site "San Francisco"]
[Date "2011.04.19"]
[Round "6.19"]
[White "Oca, Homer"]
[Black "Allen, Tom"]
[Result "1-0"]
[WhiteElo "1674"]
[BlackElo "1455"]
[PlyCount "51"]
[EventDate "2011.??.??"]

1. a3 e5 2. h3 d5 3. e3 Nf6 4. d4 e4 5. Bb5+ Bd7 6. Nc3 a6 7. Ba4 Bxa4 8. Nxa4
Bd6 9. b4 b6 10. Ne2 O-O 11. O-O Qd7 12. Nac3 Nc6 13. f4 Ne7 14. Qe1 c5 15. Rb1
Nc6 16. Na4 Nxd4 17. Nxb6 Nxe2+ (17... Qb5 $1 18. Nxd4 (18. Nxa8 $2 Nxe2+ 19.
Kh2 Rxa8) 18... Qxb6) 18. Qxe2 Qe7 19. Nxa8 Rxa8 20. b5 axb5 21. Rxb5 c4 22.
Bb2 Bxa3 23. Bxf6 Qd7 (23... Qe8) (23... Qxf6) 24. Rfb1 gxf6 25. Qh5 f5 26. Rb7
1-0

[Event "Mechanics' Spring TNM; 30/90, SD/30"]
[Site "San Francisco"]
[Date "2011.03.23"]
[Round "2.18"]
[White "Oca, Homer"]
[Black "James, Charles"]
[Result "0-1"]
[WhiteElo "1674"]
[BlackElo "1359"]
[PlyCount "43"]
[EventDate "2011.??.??"]

1. a3 Nf6 2. h3 e5 3. c4 b6 4. d3 c5 5. Nc3 Bb7 6. e4 Nc6 7. Nf3 Be7 8. g4 d6
9. Bg2 h6 10. Be3 Nd4 11. Ne2 Qd7 12. Nfxd4 cxd4 13. Bd2 b5 14. cxb5 Qxb5 15.
a4 Qxd3 16. Nc1 Qa6 17. Bf1 Qb6 18. a5 Qc7 19. Qa4+ Bc6 20. Bb5 Rc8 21. Nd3 O-O
22. Rc1 0-1

[Event "Mechanics' Spring TNM; 30/90, SD/30"]
[Site "San Francisco"]
[Date "2011.04.05"]
[Round "4.14"]
[White "Ochoa, Jason"]
[Black "Allen, Tom"]
[Result "1-0"]
[WhiteElo "1926"]
[BlackElo "1455"]
[PlyCount "107"]
[EventDate "2011.??.??"]

1. c4 e5 2. g3 Nc6 3. Bg2 f5 4. e3 Nf6 5. Ne2 d5 6. cxd5 Nb4 7. O-O Nbxd5 8.
Qb3 c6 9. d4 e4 10. f3 Bd6 11. fxe4 fxe4 12. Nbc3 Qe7 13. Nf4 Bxf4 14. Nxd5
cxd5 15. Rxf4 Be6 16. Bd2 a5 17. Qb6 Ra6 18. Qb5+ Qd7 19. Bf1 Ra8 20. Bxa5 O-O
21. Bb4 Rfc8 22. Qxd7 Bxd7 23. Bc3 Ng4 24. Bh3 h5 25. a3 Rf8 26. Raf1 Rxf4 27.
Rxf4 Rf8 28. Rxf8+ Kxf8 29. Bd2 Ke7 30. Bf1 Ba4 31. Be2 g6 32. h3 Nf6 33. Bb4+
Ke6 34. Kf2 Nh7 35. g4 h4 36. Kg2 g5 37. Kf2 Nf6 38. Ke1 Nd7 39. Kd2 Nb6 40.
Kc3 Kd7 41. b3 Bc6 42. a4 Na8 43. Bf8 Ke6 44. Bg7 Nb6 45. Be5 Nd7 46. Bc7 Nf6
47. a5 Ne8 48. Be5 Nd6 49. Kb4 Kd7 50. Kc5 Nf7 51. Bh2 Nd8 52. b4 Ne6+ 53. Kb6
Kc8 54. a6 1-0

[Event "Mechanics' Spring TNM; 30/90, SD/30"]
[Site "San Francisco"]
[Date "2011.04.19"]
[Round "6.9"]
[White "Ochoa, Jason"]
[Black "Krienke, Jason"]
[Result "1/2-1/2"]
[WhiteElo "1926"]
[BlackElo "1694"]
[PlyCount "103"]
[EventDate "2011.??.??"]

1. c4 g6 2. g3 c5 3. Bg2 Bg7 4. Nc3 Nc6 5. e4 e6 6. Nge2 Nge7 7. O-O b6 8. d3
O-O 9. Bg5 f6 10. Be3 Bb7 11. d4 d6 12. Qd2 e5 13. dxc5 dxc5 14. Rad1 Qxd2 15.
Rxd2 Nd4 16. Nd5 Nec6 17. Bxd4 exd4 18. f4 Rad8 19. Bh3 Rfe8 20. Bg2 Rd7 21. f5
Ne5 22. b3 Bxd5 23. cxd5 Bh6 24. Nf4 Bxf4 25. gxf4 Ng4 26. Bh3 gxf5 27. Bxg4
fxg4 28. Re1 Rxd5 29. Rg2 f5 30. e5 b5 31. h3 h5 32. hxg4 hxg4 33. Kf2 Kg7 34.
Rh2 Rh8 35. Reh1 Rxh2+ 36. Rxh2 Kg6 37. Rh8 Kf7 38. Rh5 Kg6 39. Rg5+ Kf7 40.
Rxf5+ Ke6 41. Rf6+ Ke7 42. Ke1 c4 43. bxc4 bxc4 44. Rc6 c3 45. Kd1 g3 46. Rg6
Ra5 47. Rxg3 Rxa2 48. f5 Rd2+ 49. Kc1 d3 50. Rf3 Rc2+ 51. Kd1 Re2 52. Rxd3
1/2-1/2

[Event "Mechanics' Spring TNM; 30/90, SD/30"]
[Site "San Francisco"]
[Date "2011.05.03"]
[Round "8.10"]
[White "Ochoa, Jason"]
[Black "Oca, Homer"]
[Result "1/2-1/2"]
[WhiteElo "1926"]
[BlackElo "1674"]
[PlyCount "38"]
[EventDate "2011.??.??"]

1. c4 e5 2. g3 Bc5 3. Bg2 c6 4. e3 d5 5. d4 Bb4+ 6. Bd2 Bxd2+ 7. Qxd2 e4 8. Nc3
Nf6 9. f3 h5 10. fxe4 dxc4 11. Nf3 Bg4 12. O-O Qe7 13. Nh4 g6 14. e5 Nh7 15.
Ne4 O-O 16. Nf6+ Kg7 17. h3 Bc8 18. Rf2 Ng5 19. Kh2 Na6 1/2-1/2

[Event "Mechanics' Spring TNM; 30/90, SD/30"]
[Site "San Francisco"]
[Date "2011.04.19"]
[Round "6.20"]
[White "Olson, David"]
[Black "Bertot, German"]
[Result "0-1"]
[WhiteElo "1446"]
[BlackElo "1590"]
[Annotator "Donaldson"]
[PlyCount "84"]
[EventDate "2011.??.??"]

1. e4 e5 2. Nf3 Nc6 3. Bb5 a6 4. Ba4 Nf6 5. Nc3 b5 6. Bb3 Bc5 7. O-O d6 8. d3
Bg4 9. Be3 Nd4 10. Bxd4 Bxd4 11. h3 Bxf3 12. Qxf3 O-O 13. Kh1 c6 14. Nd1 a5 15.
c3 Bb6 16. a3 Nd7 17. Ne3 Nc5 18. Bc2 Ne6 19. Nf5 g6 20. Qg3 Kh8 21. Ne3 Nf4
22. d4 exd4 23. cxd4 Nh5 24. Qg4 Nf6 25. Qd1 Qe7 26. f3 Nh5 27. Qe1 Bxd4 28. g4
Nf4 29. Qd2 Be5 30. Ng2 Nxh3 31. f4 Nxf4 32. Rxf4 Bxf4 33. Qxf4 Qe5 34. Qh6
Qxb2 35. Rc1 Rac8 36. e5 Qxe5 37. Nf4 Qg7 38. Qh2 Rfe8 39. Rf1 Qe5 $4 (39...
Re3 {wins easily.}) 40. Qh3 $4 (40. Bxg6 $1) 40... Qg7 41. Qh2 Re5 42. Rc1 Rce8
0-1

[Event "Mechanics' Spring TNM; 30/90, SD/30"]
[Site "San Francisco"]
[Date "2011.03.15"]
[Round "1.14"]
[White "Olson, David"]
[Black "Eytan, David"]
[Result "0-1"]
[WhiteElo "1446"]
[BlackElo "1900"]
[PlyCount "72"]
[EventDate "2011.??.??"]

1. e4 e5 2. Nf3 Nc6 3. Bb5 d6 4. d4 exd4 5. Nxd4 Bd7 6. Nc3 Nce7 7. Bc4 Nf6 8.
O-O c6 9. f4 b5 10. Be2 b4 11. Nb1 Nxe4 12. Bd3 d5 13. Qf3 Nf5 14. Nxf5 Bxf5
15. g4 Qb6+ 16. Be3 Bc5 17. Bxc5 Qxc5+ 18. Kg2 g6 19. Re1 Rg8 20. Nd2 h5 21. g5
Bg4 22. Qf1 O-O-O 23. Nb3 Qe7 24. Nd4 Qd7 25. Re3 Rge8 26. Ba6+ Kc7 27. Rae1 h4
28. h3 Bxh3+ 29. Rxh3 Nd2 30. Qf2 Rxe1 31. Qxe1 Qg4+ 32. Kh2 Qxf4+ 33. Kh1 Qxd4
34. Rd3 Qe4+ 35. Qxe4 Nxe4 36. Kg2 Nc5 0-1

[Event "Mechanics' Spring TNM; 30/90, SD/30"]
[Site "San Francisco"]
[Date "2011.04.12"]
[Round "5.24"]
[White "Olson, David"]
[Black "Otterbach, Renate"]
[Result "1-0"]
[WhiteElo "1446"]
[BlackElo "838"]
[PlyCount "76"]
[EventDate "2011.??.??"]

1. e4 e5 2. Nf3 Nc6 3. Bc4 Bc5 4. c3 a6 5. d4 exd4 6. cxd4 Bb4+ 7. Nc3 b5 8.
Be2 Nf6 9. Bg5 h6 10. Bh4 d6 11. O-O O-O 12. e5 dxe5 13. dxe5 Nxe5 14. Nxe5 Qe8
15. Bxf6 gxf6 16. Ng4 Bxg4 17. Bxg4 Qe5 18. Qe2 Qg5 19. Ne4 Qg7 20. Rad1 f5 21.
Bxf5 Rfe8 22. Rd3 Re5 23. Rg3 Rae8 24. Rxg7+ Kxg7 25. Qg4+ Kf8 26. g3 Ke7 27.
Qh4+ Kf8 28. Qxh6+ Ke7 29. Qf6+ Kf8 30. Qh8+ Ke7 31. Qxe5+ Kf8 32. Qxe8+ Kxe8
33. h4 Ke7 34. Rd1 Bd6 35. Nxd6 cxd6 36. h5 Kf8 37. h6 Kg8 38. h7+ Kh8 {
W won in a few more moves} 1-0

[Event "Mechanics' Spring TNM; 30/90, SD/30"]
[Site "San Francisco"]
[Date "2011.04.19"]
[Round "6.23"]
[White "Otterbach, Renate"]
[Black "Hilliard, Michael"]
[Result "0-1"]
[WhiteElo "838"]
[BlackElo "1478"]
[PlyCount "94"]
[EventDate "2011.??.??"]

1. c4 e6 2. g3 d5 3. e3 c5 4. Nc3 Nf6 5. Bg2 Nc6 6. a3 Be7 7. Nge2 O-O 8. O-O
b6 9. f4 Re8 10. b3 Rb8 11. Bb2 Na5 12. a4 Rb7 13. Qc2 Rd7 14. d4 cxd4 15. Nxd4
Bb7 16. Rad1 Bc5 17. b4 Bxb4 18. Nce2 Nxc4 19. Bc1 Ng4 20. Qb3 Bc5 21. Rf3 e5
22. h3 exd4 23. hxg4 dxe3 24. Qc3 Qa8 25. Bb2 Nxb2 26. Qxb2 d4 27. Qb5 Red8 28.
f5 Bxf3 29. Bxf3 Qxf3 30. Rf1 Qxg4 31. Kg2 Qe4+ 32. Kh3 Rd6 33. Nf4 Qxf5+ 34.
g4 Rh6+ 35. Kg3 Qe5 36. Rf3 e2 37. Qxe2 Qxe2 38. Nxe2 d3 39. Nc3 d2 40. Re3
Bxe3 41. g5 Rc6 42. Nb5 a6 43. Kf3 Bxg5 44. Na7 Rc3+ 45. Ke4 Re3+ 46. Kf5 Rd5+
47. Kg4 d1=Q# 0-1

[Event "Mechanics' Spring TNM; 30/90, SD/30"]
[Site "San Francisco"]
[Date "2011.03.23"]
[Round "2.22"]
[White "Otterbach, Renate"]
[Black "Morgan, Jerry"]
[Result "1-0"]
[WhiteElo "838"]
[BlackElo "1538"]
[Annotator "Donaldson"]
[PlyCount "67"]
[EventDate "2011.??.??"]

1. c4 f5 2. g3 Nf6 3. h3 e5 4. d4 e4 5. Nc3 c6 6. Bf4 d5 7. Qb3 Bd6 8. Bg5 Qc7
9. O-O-O (9. Bxf6 gxf6 10. cxd5 cxd5 11. Nxd5 Qa5+ 12. Nc3) 9... Qf7 10. c5 Bc7
11. Re1 O-O 12. f3 Bxg3 13. Rd1 Nh5 14. e3 Nd7 (14... h6 $1) 15. f4 b6 16. Nge2
bxc5 17. Na4 c4 18. Qb4 Bf2 19. Qc3 Rb8 (19... h6 $1) 20. Rh2 Bg3 21. Rg2 Rb5
$2 (21... h6) 22. Nxg3 Ba6 23. Be2 Nxg3 24. Rxg3 Rfb8 25. Rd2 Qe6 26. Qa3 Bc8
27. Nc5 Nxc5 28. dxc5 a6 29. h4 Qf7 30. Qc3 a5 31. Bh6 g6 32. Bh5 Bd7 33. Rdg2
Be8 34. Rxg6+ 1-0

[Event "Mechanics' Spring TNM; 30/90, SD/30"]
[Site "San Francisco"]
[Date "2011.03.15"]
[Round "1.20"]
[White "Otterbach, Renate"]
[Black "Persidsky, Andre"]
[Result "0-1"]
[WhiteElo "838"]
[BlackElo "1799"]
[PlyCount "64"]
[EventDate "2011.??.??"]

1. c4 e5 2. Nf3 e4 3. Ne5 d6 4. Nxf7 Kxf7 5. e3 Nf6 6. d4 exd3 7. Bxd3 Be7 8.
h3 Rf8 9. O-O Kg8 10. Qb3 Nc6 11. Qc2 Nb4 12. Qb3 Nxd3 13. Qxd3 b6 14. Nc3 Bb7
15. e4 Qd7 16. Re1 Rad8 17. Qg3 Rf7 18. Bg5 Nh5 19. Qh4 Bxg5 20. Qxh5 Bd2 21.
Re2 Bxc3 22. bxc3 Ba6 23. Re3 Rdf8 24. f3 Bxc4 25. a3 Qe6 26. g3 g6 27. Qh4
Rxf3 28. Rxf3 Rxf3 29. Qd8+ Rf8 30. Qxc7 Qxe4 31. Qxd6 Qe3+ 32. Kh2 Rf2+ 0-1

[Event "Mechanics' Spring TNM; 30/90, SD/30"]
[Site "San Francisco"]
[Date "2011.04.05"]
[Round "4.16"]
[White "Persidsky, Andre"]
[Black "Bertot, German"]
[Result "1-0"]
[WhiteElo "1799"]
[BlackElo "1590"]
[PlyCount "87"]
[EventDate "2011.??.??"]

1. d4 d5 2. c4 c6 3. Nc3 Nf6 4. Nf3 e6 5. e3 Nbd7 6. Bd3 dxc4 7. Bxc4 Bd6 8.
O-O O-O 9. e4 Bc7 10. e5 Nd5 11. Bd3 f6 12. exf6 N7xf6 13. Re1 Nf4 14. Bc2 N6d5
15. g3 Nh3+ 16. Kg2 Qf6 17. Be4 Nhf4+ 18. gxf4 Nxf4+ 19. Bxf4 Qxf4 20. h3 Kh8
21. Qd2 Qd6 22. Qg5 Rf6 23. Qh5 g6 24. Qe5 Qe7 25. Qg5 Bd7 26. Kg1 Bf4 27. Qh4
Raf8 28. Ne5 Bxe5 29. dxe5 R6f7 30. Qxe7 Rxe7 31. Rad1 Ref7 32. Rd2 Kg7 33.
Red1 Be8 34. Bc2 Rf3 35. Kg2 R3f4 36. Bb3 R4f5 37. Re1 Rg5+ 38. Kf1 Rff5 39.
Ne4 c5 40. Nxg5 Bb5+ 41. Kg1 Rxg5+ 42. Kh2 Bc6 43. f4 Rf5 44. Kg3 1-0

[Event "Mechanics' Spring TNM; 30/90, SD/30"]
[Site "San Francisco"]
[Date "2011.04.26"]
[Round "7.12"]
[White "Persidsky, Andre"]
[Black "Eytan, David"]
[Result "1-0"]
[WhiteElo "1799"]
[BlackElo "1900"]
[PlyCount "80"]
[EventDate "2011.??.??"]

1. d4 f5 2. c4 Nf6 3. Nc3 e6 4. g3 Bb4 5. Qb3 Bxc3+ 6. bxc3 O-O 7. Bg2 Nc6 8.
Nf3 Ne7 9. O-O d5 10. Ne5 c6 11. a4 Ng4 12. f4 Rf6 13. h3 Nxe5 14. dxe5 Rg6 15.
Kh2 Kh8 16. Ba3 Ng8 17. Rad1 Nh6 18. cxd5 exd5 19. c4 Be6 20. cxd5 Bxd5 21.
Bxd5 cxd5 22. Rxd5 Qb6 23. Qd3 Re8 24. a5 Qc7 25. Rc1 Qf7 26. Bd6 Rge6 27. Rc7
Qh5 28. Kg2 Nf7 29. Bb4 Rh6 30. h4 Rg6 31. Rxf7 Rxg3+ 32. Kxg3 Qxf7 33. Kh3 h6
34. Rd8 g6 35. Rxe8+ Qxe8 36. Qd6 Kg8 37. e6 g5 38. e7 g4+ 39. Kg3 Kf7 40. Qxh6
Kg8 1-0

[Event "Mechanics' Spring TNM; 30/90, SD/30"]
[Site "San Francisco"]
[Date "2011.03.23"]
[Round "2.7"]
[White "Persidsky, Andre"]
[Black "Grey, Peter"]
[Result "0-1"]
[WhiteElo "1799"]
[BlackElo "2003"]
[PlyCount "80"]
[EventDate "2011.??.??"]

1. d4 Nf6 2. c4 g6 3. g3 Bg7 4. Bg2 O-O 5. Nc3 d6 6. Nf3 Nbd7 7. O-O e5 8. dxe5
dxe5 9. e4 c6 10. Qe2 Qe7 11. Rb1 a5 12. b3 Re8 13. Bb2 Nh5 14. Rbd1 Nf8 15.
Bc1 Ne6 16. Be3 Nc5 17. Bc1 Qc7 18. Ba3 Bf8 19. Qe3 b6 20. Na4 Nxa4 21. bxa4
Rd8 22. Bxf8 Rxf8 23. c5 Rb8 24. cxb6 Rxb6 25. Nxe5 Rb4 26. Qc5 Rxa4 27. Nxc6
Kg7 28. Qc3+ f6 29. Qb3 Qxc6 30. e5 Qc4 31. exf6+ Nxf6 32. Qe3 Rxa2 33. Rd6 a4
34. Rc6 Qb3 35. Rc7+ Bd7 36. Qe5 Rf7 37. Rc5 Qb2 38. Rc3 Ra1 39. Bd5 Rxf1+ 40.
Kxf1 Qb5+ 0-1

[Event "Mechanics' Spring TNM; 30/90, SD/30"]
[Site "San Francisco"]
[Date "2011.04.19"]
[Round "6.17"]
[White "Persidsky, Andre"]
[Black "Nelson, Christopher"]
[Result "1-0"]
[WhiteElo "1799"]
[BlackElo "1524"]
[PlyCount "114"]
[EventDate "2011.??.??"]

1. d4 f5 2. c4 e6 3. Nc3 Nf6 4. Nf3 Be7 5. g3 O-O 6. Bg2 c6 7. O-O d5 8. b3 Ne4
9. Bb2 Qc7 10. Rc1 Nxc3 11. Bxc3 Nd7 12. Ne5 Nxe5 13. dxe5 dxc4 14. bxc4 Bc5
15. Qc2 Bd7 16. Rcd1 Rad8 17. Kh1 Bb6 18. Bb4 c5 19. Bc3 Bc6 20. f3 Qf7 21. f4
Qe8 22. Rxd8 Bxg2+ 23. Kxg2 Qc6+ 24. Kg1 Rxd8 25. Rd1 h5 26. Rd3 Bc7 27. Qd2
Qe8 28. Rxd8 Qxd8 29. Kf2 Qxd2 30. Bxd2 Kf7 31. Kf3 Bd8 32. e4 g6 33. h3 a6 34.
a4 Kg7 35. g4 Kf7 36. Be3 b6 37. exf5 exf5 38. Bf2 Ke6 39. gxh5 gxh5 40. a5 Kd7
41. axb6 Bxb6 42. Kg3 Bd8 43. Bxc5 h4+ 44. Kf3 Kc6 45. Ba3 Bb6 46. e6 Kc7 47.
c5 Ba5 48. e7 Kd7 49. c6+ Ke8 50. Bd6 Bb6 51. c7 Bxc7 52. Bxc7 Kxe7 53. Ke3 Kd7
54. Ba5 Kc6 55. Kd4 Kb5 56. Bd8 a5 57. Bxa5 Kxa5 1-0

[Event "Mechanics' Spring TNM; 30/90, SD/30"]
[Site "San Francisco"]
[Date "2011.04.12"]
[Round "5.22"]
[White "Puryear, Ted"]
[Black "Mar, Henry"]
[Result "1-0"]
[WhiteElo "1210"]
[BlackElo "1536"]
[PlyCount "61"]
[EventDate "2011.??.??"]

1. d4 g6 2. Nf3 Bg7 3. Bg5 Nf6 4. Nbd2 d6 5. e4 O-O 6. c3 b6 7. Bd3 Ba6 8. Qe2
Bxd3 9. Qxd3 Nbd7 10. O-O c5 11. Rfd1 Qc7 12. Rac1 Rac8 13. Nc4 b5 14. Na3 c4
15. Qe2 a6 16. Nc2 Rfe8 17. e5 dxe5 18. dxe5 Ng4 19. e6 Nde5 20. exf7+ Kxf7 21.
Bf4 Qc5 22. Nxe5+ Nxe5 23. Be3 Qc7 24. Bf4 Kg8 25. Rd5 Red8 26. Bxe5 Qc6 27.
Rxd8+ Rxd8 28. Bxg7 Qd6 29. Bd4 Qf4 30. Re1 Rf8 31. Qe5 1-0

[Event "Mechanics' Spring TNM; 30/90, SD/30"]
[Site "San Francisco"]
[Date "2011.03.15"]
[Round "1.18"]
[White "Puryear, Ted"]
[Black "Sherwood, Peter"]
[Result "1-0"]
[WhiteElo "1210"]
[BlackElo "1807"]
[PlyCount "51"]
[EventDate "2011.??.??"]

1. d4 d5 2. Nf3 Nf6 3. Bg5 e6 4. e3 Be7 5. Nbd2 h6 6. Bf4 Nc6 7. c3 O-O 8. Bd3
b6 9. Qe2 a5 10. Ne5 Bb7 11. a4 Nd7 12. Nxd7 Qxd7 13. Qg4 Kh8 14. Nf3 f5 15.
Qg3 Bd6 16. Ne5 Nxe5 17. dxe5 Be7 18. h4 c5 19. Bb5 Bc6 20. Bxc6 Qxc6 21. Qg6
Rfd8 22. Bxh6 gxh6 23. Rh3 Ra7 24. Qxh6+ Kg8 25. Rg3+ Kf7 26. Qg6+ 1-0

[Event "Mechanics' Spring TNM; 30/90, SD/30"]
[Site "San Francisco"]
[Date "2011.03.23"]
[Round "2.9"]
[White "Ramachandran, Jayakrishnan"]
[Black "Jones, James"]
[Result "0-1"]
[WhiteElo "1852"]
[BlackElo "2077"]
[PlyCount "72"]
[EventDate "2011.??.??"]

1. e4 c5 2. Nf3 d6 3. d4 cxd4 4. Nxd4 Nf6 5. Nc3 g6 6. g3 Bg4 7. f3 Bd7 8. Bg2
Bg7 9. Nde2 O-O 10. Be3 Nc6 11. O-O Rc8 12. Rc1 Qa5 13. Qd2 Rfe8 14. Kh1 Ne5
15. b3 b5 16. Ra1 b4 17. Nd5 Nxd5 18. exd5 Bb5 19. a3 Bxe2 20. axb4 Qc7 21.
Qxe2 Qxc2 22. Qxc2 Rxc2 23. Rxa7 Rc3 24. Bg1 Rxb3 25. Rb7 Bf6 26. b5 Rc8 27. f4
Nd3 28. Bh3 Rc2 29. Rb8+ Kg7 30. b6 Nc5 31. Bc8 Rcb2 32. Rc1 Ne4 33. b7 Nf2+
34. Bxf2 Rxf2 35. Ra8 Rbb2 36. Rd1 Bd4 0-1

[Event "Mechanics' Spring TNM; 30/90, SD/30"]
[Site "San Francisco"]
[Date "2011.04.05"]
[Round "4.7"]
[White "Ramachandran, Jayakrishnan"]
[Black "Klinetobe, David"]
[Result "0-1"]
[WhiteElo "1852"]
[BlackElo "2018"]
[PlyCount "80"]
[EventDate "2011.??.??"]

1. e4 e6 2. d4 d5 3. Nd2 Nf6 4. e5 Nfd7 5. Bd3 c5 6. c3 Nc6 7. Ne2 f6 8. exf6
Nxf6 9. O-O cxd4 10. cxd4 Bd6 11. Nf3 Qc7 12. h3 O-O 13. a3 Bd7 14. Be3 Rae8
15. Rc1 a6 16. Qd2 Qb8 17. b4 a5 18. Rb1 axb4 19. axb4 b6 20. b5 Na5 21. Ne5
Rc8 22. g4 Bxe5 23. dxe5 Nc4 24. Bxc4 Ne4 25. Qd3 Rxc4 26. f3 Nc5 27. Bxc5 bxc5
28. b6 Qb7 29. Rfc1 Rxc1+ 30. Nxc1 d4 31. Qe4 Bc6 32. Qc2 Rxf3 33. Qxc5 Rxh3
34. Rb3 Rh1+ 35. Kf2 Qf7+ 36. Kg3 Rg1+ 37. Kh4 Qf2+ 38. Kg5 h6+ 39. Kh5 Rh1+ (
39... Be8#) 40. Kg6 Qf7# 0-1

[Event "Mechanics' Spring TNM; 30/90, SD/30"]
[Site "San Francisco"]
[Date "2011.04.19"]
[Round "6.12"]
[White "Ramachandran, Jayakrishnan"]
[Black "Milliken, William"]
[Result "1-0"]
[WhiteElo "1852"]
[BlackElo "1679"]
[PlyCount "69"]
[EventDate "2011.??.??"]

1. e4 e5 2. Nf3 Nc6 3. Bc4 Nf6 4. Ng5 d5 5. exd5 Na5 6. Bb5+ c6 7. dxc6 bxc6 8.
Be2 h6 9. Nf3 e4 10. Ne5 Bd6 11. d4 exd3 12. Nxd3 Qc7 13. h3 Rb8 14. Nd2 O-O
15. O-O c5 16. c4 Be6 17. b3 Nc6 18. Bb2 Nd4 19. Bxd4 cxd4 20. c5 Bf4 21. Nxf4
Qxf4 22. Nf3 Rfd8 23. Qd2 Qxd2 24. Nxd2 Nd5 25. c6 Rb6 26. Rac1 Nc3 27. Bf3 Bd5
28. c7 Rc8 29. Bxd5 Nxd5 30. Nf3 Rxc7 31. Nxd4 Kf8 32. Rxc7 Nxc7 33. Rc1 Ne6
34. Nxe6+ Rxe6 35. Rc8+ 1-0

[Event "Mechanics' Spring TNM; 30/90, SD/30"]
[Site "San Francisco"]
[Date "2011.05.03"]
[Round "8.5"]
[White "Rumph, Todd"]
[Black "Belanoff, Ted"]
[Result "1-0"]
[WhiteElo "2161"]
[BlackElo "2011"]
[Annotator "Rumph"]
[PlyCount "123"]
[EventDate "2011.??.??"]

1. d4 f5 2. h3 $5 d5 ({Avoiding the dangerous line} 2... Nf6 3. g4 fxg4 4. hxg4
Nxg4 5. Qd3 $44) 3. Nf3 {White steers for a Stonewall position.} Nf6 4. Bf4 g6
$5 {An interesting Stonewall-Leningrad hybrid.} 5. c4 (5. h4 $6 {
I considered but rejected:} Bg7 6. h5 Nxh5 7. Rxh5 gxh5 8. Be5 Bxe5 9. Nxe5 Nd7
10. e3 (10. Nxd7 Qxd7 11. e3 Qe6 12. Qxh5+ Qg6 $17) 10... Nf6 $17) 5... e6 6.
Nc3 Bg7 (6... c6 7. c5 $5 Bg7 8. Bd6 Ne4 9. Nxe4 fxe4 10. Ne5 $13) 7. e3 O-O 8.
Be2 $6 {White's play is insipid here and in the next few moves. Be2 was
intended to discourage g5-g4, but 8. Bd3 or 8.b4!? are better.} Ne4 9. Be5 $6
c6 10. O-O Nd7 {After a few more moves I really wished I had played 11.Bh2: I
needed a dark square defender on the king side.} 11. Bxg7 Kxg7 12. Qc2 Qf6 13.
Nd2 h5 (13... g5) 14. Ncxe4 ({Maybe better was} 14. Ndxe4) 14... fxe4 15. f4 ({
The choice was between the game continuation and} 15. f3 Qg5 16. Qc3 exf3 17.
Rxf3 $16 {This looks better than the game continuation, since White gets
further ahead in development. (Bc8, Ra8)}) 15... Qh4 $2 16. Kh2 $1 Qe7 ({
Embarrassing is} 16... Nf6 $2 17. g3 Ng4+ 18. Bxg4 Qf6 $18) ({Even worse is} 
16... g5 $4 17. g3 $18) 17. Qc3 Nf6 18. b4 {Now it's White's turn on the
queenside: White will play b4-b5, a4-a5-a6 and destroy the Black pawn chain.}
dxc4 {This doesn't really win a pawn after 19...Nd5, and almost sinks Black
(see note after move 20 for Black's saving resource!).} 19. Bxc4 Nd5 20. Qb3
Qxb4 $2 (20... b5 $1 {is a fantastic resource:} 21. Be2 (21. Bxd5 exd5 22. Qb2
Bd7 $14) 21... a5 $1 $13) 21. Bxd5 Qxd2 22. Bxe4 $16 a5 $1 {
A good practical chance.} 23. Rac1 Qb4 24. Qd3 Rf6 25. Rc5 b6 $1 {A nice defens
ive resource. White had dual threats: 26. Rg5 and 26. Rb1 Qa4 27. Qc3 trapping
the queen.} 26. Rg5 $2 {Missing the point!} ({Winning was} 26. Rxc6 Ba6 27.
Rc7+ Rf7 28. Qc2 Bxf1 29. Bxa8 $18) 26... Ba6 27. Qd1 Bxf1 28. Qxf1 $5 ({
Rejecting the forced draw} 28. Qxh5 Rh8 29. Rxg6+ Rxg6 30. Qxg6+ Kf8 31. Qf6+
Kg8 32. Qxe6+ Kf8 33. Qf6+ Kg8 {etc. White plays on with little risk: he has
one pawn, soon two, for the exchange, and has more active pieces. The deciding
factor was the relative safety of the two kings: White's is perfectly safe,
while Black feels a breeze.}) 28... Raf8 $2 (28... Rh8) (28... Qc3 29. Qf2 Rh8
30. Qg3 Rh6 $11) 29. Qf3 Kf7 (29... Rh8) 30. Qg3 (30. Bxc6 {
may have been better, but I wanted a Black rook at g8 (see next note).}) 30...
Rg8 31. Bxc6 Rf5 32. Rxf5+ gxf5 ({Black must weaken his kingside pawns:} 32...
exf5 $4 33. Bd5+ $18) 33. Qh4 $2 (33. Qf2) 33... Rh8 34. Bf3 Qe7 $1 $15 35. Qf2
({The ending is lost after} 35. Bxh5+ $2 Kf8 36. Qxe7+ Kxe7 37. Bd1 Rc8 $1 38.
Kg3 Rc3 39. Kf3 Ra3 40. Bb3 b5 41. d5 a4) 35... h4 36. d5 e5 $2 (36... exd5 37.
Bxd5+ Kg7 38. Qc2 Rf8 $17) 37. Qb2 $16 Rh6 (37... Re8 $2 38. Bh5+ $18) (37...
Kf6 38. Qxb6+ Kg7 39. d6 Qf6 40. Qc7+ Kh6 41. d7 $16) 38. fxe5 Qg5 {
Threatening a perpetual with Qg3+ and Qe1+.} 39. Qc3 $1 Qg3+ 40. Kg1 Rh8 41.
Kf1 $1 ({Avoiding} 41. e6+ Kg6 42. Qxh8 $2 Qe1+ 43. Kh2 Qg3+ $11) 41... Rf8 42.
Bh5+ ({I missed} 42. d6 $1 Ke6 43. d7 Qxe5 44. Qc8 $18) 42... Kg7 ({Better is} 
42... Kg8 43. d6 f4 44. Bf3 $18) 43. d6 f4 44. e6+ Rf6 45. d7 $1 fxe3+ 46.
Qxf6+ Kxf6 47. d8=Q+ Kxe6 {Now all White has to do is trade queens} 48. Qe8+
Kd5 49. Qd7+ Kc5 50. Qf5+ Kd6 51. Qg6+ Kd5 52. Qxg3 hxg3 53. Ke2 b5 (53... Kd4
54. a4 Ke4 55. Be8 Kd4 56. Bb5 Ke4 57. Bd3+ Kd4 58. h4 $18) 54. Kxe3 Kc4 55.
Bf7+ Kc3 56. h4 b4 57. h5 a4 58. h6 b3 59. axb3 a3 60. h7 a2 61. h8=Q+ Kc2 62.
Bg6+ 1-0

[Event "Mechanics' Spring TNM; 30/90, SD/30"]
[Site "San Francisco"]
[Date "2011.03.15"]
[Round "1.3"]
[White "Rumph, Todd"]
[Black "Litowsky, Daniel"]
[Result "1-0"]
[WhiteElo "2161"]
[BlackElo "1700"]
[PlyCount "51"]
[EventDate "2011.??.??"]

1. c4 c5 2. g3 Nc6 3. Bg2 Nf6 4. Nc3 d6 5. Nf3 g6 6. d4 cxd4 7. Nxd4 Nxd4 8.
Qxd4 Bg7 9. O-O O-O 10. Qd3 Rb8 11. Be3 a6 12. Rfd1 Qa5 13. h3 Qh5 14. g4 Qa5
15. a3 Nd7 16. b4 Qd8 17. f4 Re8 18. Rac1 Nf8 19. Ba7 Ra8 20. Bd4 e5 21. Bxe5
Bxe5 22. fxe5 Qb6+ 23. c5 dxc5 24. Nd5 c4+ 25. Nxb6 cxd3 26. Nxa8 1-0